[Event "FRA-ch Blitz Online Qual"]
[Site "Europe Echecs INT"]
[Date "2020.05.16"]
[Round "5"]
[White "Belattar, Salah Eddine"]
[Black "Menjra, Yanis"]
[Result "0-1"]
[WhiteElo "1886"]
[BlackElo "1489"]
[PlyCount "80"]
[EventDate "2020.05.16"]
[EventType "swiss (blitz)"]
[EventRounds "15"]
[EventCountry "FRA"]
[SourceTitle "CBM 196 Extra"]
[Source "ChessBase"]
[SourceDate "2020.07.31"]
[SourceVersion "1"]
[SourceVersionDate "2020.07.31"]
[SourceQuality "1"]

1. d4 Nf6 2. g3 g6 3. Bg2 Bg7 4. b3 d5 5. Bb2 c6 6. Nf3 0-0 7. 0-0 Bg4 8. Ne5 Bf5 9. Nd2 Nbd7 10. Ndf3 Nxe5 11. Nxe5 Nd7 12. c4 Nxe5 13. dxe5 dxc4 14. bxc4 Be6 15. Qc2 Qb6 16. Kh1 Bxc4 17. Qxc4 Qxb2 18. Rab1 Qd2 19. e6 Rab8 20. Rfd1 Qa5 21. exf7+ Rxf7 22. Bxc6 Kf8 23. Rxb7 Rxb7 24. Bxb7 Be5 25. f4 Bd6 26. Qc8+ Kg7 27. Bd5 Rf8 28. Qe6 Qa4 29. Bb3 Qc6+ 30. Bd5 Qc2 31. Bb3 Qc6+ 32. Qd5 Qxd5+ 33. Rxd5 Rc8 34. Kg2 Rc1 35. Kf3 Rc5 36. e4 Rxd5 37. exd5 Kf6 38. Ke4 h6 39. h3 g5 40. f5 Bxg3 0-1

[Event "FRA-ch Blitz Online Qual"]
[Site "Europe Echecs INT"]
[Date "2020.05.16"]
[Round "8"]
[White "Menjra, Yanis"]
[Black "Bailet, Pierre"]
[Result "0-1"]
[WhiteElo "1489"]
[BlackElo "2500"]
[PlyCount "102"]
[EventDate "2020.05.16"]
[EventType "swiss (blitz)"]
[EventRounds "15"]
[EventCountry "FRA"]
[SourceTitle "CBM 196 Extra"]
[Source "ChessBase"]
[SourceDate "2020.07.31"]
[SourceVersion "1"]
[SourceVersionDate "2020.07.31"]
[SourceQuality "1"]

1. d4 Nf6 2. Nf3 g6 3. Bf4 Bg7 4. e3 0-0 5. Be2 d6 6. 0-0 b6 7. c3 Bb7 8. Nbd2 Ne4 9. Nxe4 Bxe4 10. Nd2 Bb7 11. Bf3 Qc8 12. Bxb7 Qxb7 13. Qf3 Qxf3 14. Nxf3 c5 15. Rfe1 Nc6 16. Rad1 Rfc8 17. dxc5 bxc5 18. Re2 a5 19. a4 Rab8 20. e4 Rb3 21. h3 h6 22. e5 g5 23. Bg3 dxe5 24. Nxe5 Bxe5 25. Bxe5 f6 26. Bg3 e5 27. Rd6 Kf7 28. Rd7+ Ke6 29. Red2 Nd4 30. Rh7 Nf5 31. Bh2 Rcb8 32. g4 Nd6 33. Rxh6 Rxb2 34. Rd1 Rb1 35. Rxb1 Rxb1+ 36. Kg2 Ra1 37. Rh7 Rxa4 38. Rc7 Rc4 39. Ra7 a4 40. f3 Nb5 41. Ra6+ Kf7 42. Bg1 Nxc3 43. Ra7+ Kg6 44. Ra5 Nd5 45. Bxc5 Nf4+ 46. Kg3 Rc2 47. Bf2 Nxh3 48. Kxh3 Rxf2 49. Rxa4 Rxf3+ 50. Kg2 Rf4 51. Kg3 Rxa4 0-1